000 00464nam a2200181Ia 4500
001 7945
005 20260306160533.0
008 260306t2013||||xx |||||||||||||| ||spa||
041 _aESP
082 _a364.072
_bP83
100 _aPozo Cuevas, Federico
_eAUT
245 0 _aIntroducción al análisis de datos cuantitativos en criminología
260 _c2013
300 _a451 páginas :
_c24 cm.
650 _aGEN
654 _aCPS
942 _cLIB
_dJUS
_fJUS
_2ddc
_n
999 _c7945
_d7945